00000000nas##2200000za#4500
0019.512716
003CaOODSP
00520240212134141
007ta
008150406c2000||||xxc|| p #||||f|   |0fre|d
022 |a1492-8019
040 |aCaOODSP|bfre
043 |an-cn---
0861 |aNE12-5F
1101 |aCanada. |bOffice national de l'énergie.
24513|aLa liaison SDÉ
260 |aCalgary - Alberta : |bOffice national de l'énergie
310 |aTrimestriel
563 |aCouverture souple
77508|tThe ERF Connection |w(CaOODSP)9.514293
7760#|tLa liaison SDÉ : |w(CaOODSP)9.503171